Harry Potter: les Armoires à Disparaitre - Statistiques

Statistiques générales
  • Ce quiz a été pris 65 fois
  • Le résultat moyen est 4 sur 5
Statistiques - réponses
Information Réponses % Correct
Propriétaire Drago Malefoy
98%
Première apparition Harry Potter et la Chambre des Secrets
91%
Dernière apparition Harry Potter et les Reliques de la Mort
89%
Propriétaire Barjow et Beurk
72%
Utilisation Déplacement
66%
Aucun quiz correspondant
Distribution des résultats
% des personnes avec chaque résultat
Percentile par nombre de réponses
Votre historique - résultats
Vous n’avez pas pris ce quiz